Història del nacionalisme català : dels orígens al nostre temps / Albert Balcells dels orígens al nostre temps / Albert Balcells
Publicado:
Barcelona :
Generalitat de Catalunya, Entitat Autònoma del Diari Oficial i de Publicacions ,
1992
Descripción Física:
265 p. ; 23 cm
Colección:
Col·lecció textos i documents ; 11
MARC
| LEADER | 00000nam a2200000Ia 4500 | ||
|---|---|---|---|
| 001 | 9856 | ||
| 008 | 160829s1992 xx 000 0 cat d | ||
| 080 | |a H-1-116 | ||
| 100 | |a Balcells, Albert |9 31713 | ||
| 245 | |a Història del nacionalisme català : |b dels orígens al nostre temps / Albert Balcells | ||
| 260 | |a Barcelona : |b Generalitat de Catalunya, Entitat Autònoma del Diari Oficial i de Publicacions, |c 1992 | ||
| 300 | |a 265 p. ; |c 23 cm | ||
| 490 | |a Col·lecció textos i documents ; 11 | ||
| 650 | |a Nacionalisme |x Catalunya |x História |9 36859 | ||
| 650 | |a Catalunya |x Història |9 24030 | ||
| 710 | 2 | |a Entitat Autònoma del Diari Oficial i de Publicacions (Catalunya) |9 70221 | |
| 901 | |a Arxiu | ||
| 942 | |n 1 | ||
| 952 | |0 0 |1 0 |4 0 |6 H1116 |7 1 |9 41521 |a Arxiu |b Arxiu |d 2016-12-01 |l 0 |o H-1-116 |p 9856 |r 2016-12-01 00:00:00 |w 2016-12-01 |y ARXIU | ||
| 999 | |c 43411 |d 43411 | ||